003460000a22001330004500060000800000082002000008100002100028100002400049245007000073260002800143260000900171300000800180650002400188 a100 a574.1926 VIT.04 aHarris, Robert S aThimann, Kenneth V aVitamins and hormones: advances in research and applications V.4 aNewyork, Academic press c1946 a406 avitamins / hormones